000 00298nam a22001337a 4500
008 170206b xxu||||| |||| 00| 0 eng d
020 _a9780130488404
041 _aeng
080 _a61
100 _a3
101 _aSHM
245 _aUNLOCKING MEDICAL TERMINOLOGY
_cBRUCE WINGERD
942 _2udc
_cBK
999 _c4727
_d4727